Map of Europe by Official Language Name - Statistics

General Stats
  • This quiz has been taken 134 times
  • The average score is 40 of 45
Answers on the Map
Answers color-coded by a green-red scale on the quiz's map according to % correct below.
 
Answer Stats
Answer % Correct
France
99%
España
98%
Italia
98%
Portugal
98%
België
97%
Danmark
97%
United Kingdom
97%
Deutschland
96%
Rossiya
96%
Nederland
95%
Polska
95%
Norge
94%
Ísland
93%
Bielaruś
92%
Éire
92%
Ukraïna
92%
Andorra
91%
Hellas
91%
Lëtzebuerg
91%
România
91%
Schweiz
91%
Latvija
90%
Österreich
90%
Bǎlgariya
88%
Česko
88%
Liechtenstein
88%
Moldova
88%
San Marino
88%
Bosna i Hercegovina
87%
Eesti
87%
Lietuva
87%
Malta
87%
Monaco
87%
Kosovo
86%
Status Civitatis Vaticanæ
86%
Sverige
83%
Slovensko
82%
Srbija
82%
Severna Makedonija
81%
Slovenija
81%
Suomi
81%
Magyarország
77%
Hrvatska
70%
Crna Gora
68%
Shqipëria
66%
No matching quizzes found
Score Distribution
Percent of People with Each Score
Percentile by Number Answered
Your Score History
You have not taken this quiz